La autobiografía.

Gardado en:
Detalles Bibliográficos
Autor Principal: May, Georges (autor)
Formato: Libro
Idioma:Lingua castelá
Series:(Breviarios FCE ; 327)
Temas:
Etiquetas: Engadir etiqueta
Sen Etiquetas, Sexa o primeiro en etiquetar este rexistro!

MARC

LEADER 00000nam^a2200000^u^4500
001 000508854
005 20250521000000.0
008 090909s1000^^^^^^^^^^^^r^^^^^000^0^spa^d
009 20260310130050.905
022 |a 9681610784 
035 |a FCE 000053063 
037 |a Acervo ITESO - Biblioteca 
041 |a spa 
082 0 4 |a 082.1  |b FCE 327 
100 |a May, Georges  |e (autor) 
245 1 3 |a La autobiografía. 
264 |a México :  |b FCE,  |c 1982. 
300 |a 281 p. 
336 |a texto  |b txt  |2 rdacontenido 
337 |a sin mediación  |b n  |2 rdamedio 
338 |a volumen  |b nc  |2 rdasoporte 
440 1 |a (Breviarios FCE ; 327) 
649 |a XX 
650 |a Crónica 
650 |a Memorias 
650 |a Novela 
650 |a Autobiografía 
910 |a Fondo Centro de Estudios Educativos 
920 |a Impresos - Libros 
930 |a Fondos Especiales 
905 |a 133 
901 |a ALE067199  |b IT2  |c CEE  |u 20250521 
902 |a https://opac.biblio.iteso.mx/vufind/Record/000508854